Principles of astronautics /

Bibliographic Details
Main Author: Vertregt, M.
Format: Book
Language:English
Published: Amsterdam, New York : Elsevier Pub. Co., 1965.
Edition:2d, rev, ed.
Subjects:

MARC

Tag First Indicator Second Indicator Subfields
LEADER 00000cam a2200000 4500
001 in00000098850
005 20150926125530.0
008 750514s1965 eng u
010 |a  65013903  
035 |a (OCoLC)01331571 
035 |9 AAL3527AM 
040 |c TOL  |d TXA  |d UtOrBLW 
049 |a TXAM  |c [900432] 
090 |a TL791  |b .V413 1965 
100 1 |a Vertregt, M. 
245 1 0 |a Principles of astronautics /  |c by M. Vertregt. 
250 |a 2d, rev, ed. 
264 1 |a Amsterdam,  |a New York :  |b Elsevier Pub. Co.,  |c 1965. 
300 |a xii, 339 pages :  |b illustrations ;  |c 22 cm. 
336 |a text  |b txt  |2 rdacontent 
337 |a unmediated  |b n  |2 rdamedia 
338 |a volume  |b nc  |2 rdacarrier 
504 |a Bibliography: pages [323]- 325. 
650 0 |a Astronautics. 
999 |a MARS 
999 f f |s 2e391159-8b51-30bb-af77-83b5fe8376b7  |i 1ff4a1e0-ff44-3e0d-9e57-360c9a100f13  |t 0 
952 f f |p ric  |a Texas A&M University  |b Rellis Campus  |c Joint Library Facility  |d Remote Storage  |t 0  |e TL791 .V413 1965  |h Library of Congress classification  |i unmediated -- volume  |m A14823630588 
998 f f |a TL791 .V413 1965  |t 0  |l Remote Storage